000 00913nam a22002897a 4500
001 BR7704724
003 BR-BrBNA
005 20230928085412.0
007 ta
008 230509b bl.||||| |||| 00| 0 por d
040 _aBR-BrBNA
_bpor
_cBiblioteca Nacional de Agricultura
041 _a(Por)
072 _aE30; E15; E70
_b/G514
090 _ E30 BR7704724
110 1 _aSubsecretaria de Planejamento e Orcamento, Brasilia, DF (Brasil). Diretoria de Planejamento Agricola
_99985
245 1 _aPlanejamento anual. PAPA - 1978-79. Metodologia e cronograma [Plano Anual de Producao e Abastecimento, Brasil]
260 3 _aBrasilia, DF (Brasil):
_c1977.
300 _a34 p.
500 _a21 tables
650 _aPLANEJAMENTO AGRICOLA
650 _aECONOMIA DA PRODUCAO
650 _aCREDITO RURAL
650 _aABASTECIMENTO
650 _aPRECO
909 _a202309
_bLucia
_c55
_dLucia Elande
942 _cBK
999 _c24242
_d24242